000 00496nam a2200193Ia 4500
003 LK-CoDNM
005 20241211144831.0
008 010623t xxu||||| |||| 00| 1 eng d
040 _aLK-CoDNM
_dLK-CoDNM
_eLK-CoDNM
041 _aeng
080 _a8 S.07
_bAMA
100 _aAmarasekara, Douglas
245 _aShould we modernize Sinhalese?
260 _bSpace Age publication
_aColombo
300 _b8p. ; 22 cm
650 _aLiterature
700 _awarnakulasuriya, Hemantha
942 _cBK
999 _c135607
_d135607